Online Catalogue and eLibrary

The politics of women's liberation : (Record no. 601)

MARC details
000 -LEADER
fixed length control field 00609nam a2200205 i 4500
001 - CONTROL NUMBER
control field 317341
005 - DATE AND TIME OF LATEST TRANSACTION
control field 20240322050446.0
008 - FIXED-LENGTH DATA ELEMENTS--GENERAL INFORMATION
fixed length control field 750701s1975 nyu b 001 0 eng
020 ## - INTERNATIONAL STANDARD BOOK NUMBER
ISBN 0679302840
-- 067930276X
040 ## - CATALOGING SOURCE (பட்டியலாக்க மூலம்)
Original cataloging agency DLC
Transcribing agency DLC
Modifying agency DLC
082 00 - DDC Classification
Class No. 324.623.
DDC Edition Number 22
Item Number - Author Mark THE.
100 1# - MAIN ENTRY--PERSONAL NAME
Personal name Freeman, Jo.
245 14 - TITLE STATEMENT
Title The politics of women's liberation :
Remainder of title a case study of an emerging social movement and its relation to the policy process /
Statement of responsibility, etc. Jo Freeman.
260 ## - PUBLICATION, DISTRIBUTION, ETC.
Place of publication, distribution, etc. New York :
Name of publisher, distributor, etc. McKay,
Date of publication, distribution, etc. 1975.
300 ## - PHYSICAL DESCRIPTION
Extent (e.g. Volumes, Pages etc.) 46 P.,
500 ## - GENERAL NOTE
General note Includes index.
650 #0 - SUBJECT ADDED ENTRY--TOPICAL TERM
Topical term or geographic name entry element Feminism
650 #0 - SUBJECT ADDED ENTRY--TOPICAL TERM
Topical term or geographic name entry element Women's rights
942 ## - Koha item type (Biblio)
Koha item type Books in Stacks (Lending)
Holdings
Lost status Damaged status Collection code Home library Current library Date acquired Full call number Accession Number Item type
    Lending WERC Library WERC Library 03/22/2024 324.623. THE. 142 Books in Stacks (Lending)

© WERC Library